000 00717nam a2200205Ii 4500
003 JO-AjNU
008 230605s9999||||xx |||||||||||||| ||und||
017 _a2013/9/3268
040 _aJO-AjNU
_bara
_erda
_cJO-AjNU
041 _aara
050 1 4 _aG156.5.E26.R38 2013
100 3 _aالرواضية، زياد عيد,
_eauthor
_951041
245 0 0 _aالسياحة البيئية: المفاهيم والأسس والمقومات
264 3 1 _aعمان: المؤلف، 2013
300 _a380ص
_bصور توضيحية
336 _atext
_btxt
_2rdacontent
337 _aunmediated
_bn
_2rdamedia
338 _avolume
_bnc
_2rdacarrier
650 4 _aالسياحة - جوانب اقتصادية - الاردن
_951042
999 _aA22521
_c26089
_d26089